Java message service -(E-BOOK) (Record no. 192148)
[ view plain ]
| 000 -LEADER | |
|---|---|
| fixed length control field | 01470 a2200277 4500 |
| 003 - CONTROL NUMBER IDENTIFIER | |
| control field | Nust |
| 005 - DATE AND TIME OF LATEST TRANSACTION | |
| control field | 20170207154031.0 |
| 010 ## - LIBRARY OF CONGRESS CONTROL NUMBER | |
| LC control number | 00053024 |
| 020 ## - INTERNATIONAL STANDARD BOOK NUMBER | |
| International Standard Book Number | 0596000685 |
| 040 ## - CATALOGING SOURCE | |
| Transcribing agency | Nust |
| 082 00 - DEWEY DECIMAL CLASSIFICATION NUMBER | |
| Classification number | 005.712762 |
| 100 1# - MAIN ENTRY--PERSONAL NAME | |
| Personal name | Monson-Haefel, Richard. |
| 245 10 - TITLE STATEMENT | |
| Title | Java message service -(E-BOOK) |
| Statement of responsibility, etc. | Richard Monson-Haefel & David A. Chappell. |
| 260 ## - PUBLICATION, DISTRIBUTION, ETC. | |
| Place of publication, distribution, etc. | Cambridge, Mass. : |
| Name of publisher, distributor, etc. | O'Reilly, |
| Date of publication, distribution, etc. | c2001. |
| 300 ## - PHYSICAL DESCRIPTION | |
| Extent | xvi, 220 p. : |
| Other physical details | ill. ; |
| Dimensions | 23 cm. |
| 500 ## - GENERAL NOTE | |
| General note | Includes index. |
| 505 ## - FORMATTED CONTENTS NOTE | |
| Formatted contents note | Chapter 1. Understanding the Messaging Paradigm (Page-6) <br/>Chapter 2. Developing a Simple Example (Page-19) Chapter 3. Anatomy of a JMS Message (Page-33) Chapter 4. Publish-and-Subscribe Messaging (Page- 53) Chapter 5. Point-to-Point Messaging (Page-69) Chapter 6. Guaranteed Messaging, Transactions, Acknowledgments & Failures (Page- 84) Chapter 7. Deployment Considerations (Page- 108) Chapter 8. J2EE, EJB, and JMS (Page-122) Chapter 9. JMS Providers.(Page- 133) |
| 650 #0 - SUBJECT ADDED ENTRY--TOPICAL TERM | |
| Topical term or geographic name entry element | Electronic mail systems. |
| 650 #0 - SUBJECT ADDED ENTRY--TOPICAL TERM | |
| Topical term or geographic name entry element | Java (Computer program language) |
| 650 #0 - SUBJECT ADDED ENTRY--TOPICAL TERM | |
| Topical term or geographic name entry element | Telecommunication |
| General subdivision | Message processing. |
| 651 ## - SUBJECT ADDED ENTRY--GEOGRAPHIC NAME | |
| Geographic name | E-BOOK |
| 700 1# - ADDED ENTRY--PERSONAL NAME | |
| Personal name | Chappell, David A. |
| 856 42 - ELECTRONIC LOCATION AND ACCESS | |
| Materials specified | Contributor biographical information |
| Uniform Resource Identifier | <a href="http://www.loc.gov/catdir/enhancements/fy0915/00053024-b.html">http://www.loc.gov/catdir/enhancements/fy0915/00053024-b.html</a> |
| 856 42 - ELECTRONIC LOCATION AND ACCESS | |
| Materials specified | Publisher description |
| Uniform Resource Identifier | <a href="http://www.loc.gov/catdir/enhancements/fy0715/00053024-d.html">http://www.loc.gov/catdir/enhancements/fy0715/00053024-d.html</a> |
| 856 42 - ELECTRONIC LOCATION AND ACCESS | |
| Materials specified | Table of contents only |
| Uniform Resource Identifier | <a href="http://www.loc.gov/catdir/enhancements/fy1008/00053024-t.html">http://www.loc.gov/catdir/enhancements/fy1008/00053024-t.html</a> |
| 942 ## - ADDED ENTRY ELEMENTS (KOHA) | |
| Source of classification or shelving scheme | |
| Koha item type | Book |
| Withdrawn status | Lost status | Source of classification or shelving scheme | Damaged status | Not for loan | Collection code | Permanent Location | Current Location | Date acquired | Total Checkouts | Full call number | Barcode | Date last seen | Price effective from | Koha item type |
|---|---|---|---|---|---|---|---|---|---|---|---|---|---|---|
| Military College of Signals (MCS) | Military College of Signals (MCS) | 12/12/2016 | 005.712762 MON | MCSEB-1219 | 12/08/2016 | 12/12/2016 | Book |
